Vivir diadevis con diabetes / (Registro nro. 11383)

Detalles MARC
000 -LEADER
fixed length control field 00782nam a22002417a 4500
001 - CONTROL NUMBER
control field 0011403
003 - CONTROL NUMBER IDENTIFIER
control field DO-SdBNP
005 - DATE AND TIME OF LATEST TRANSACTION
control field 20180206142548.0
007 - PHYSICAL DESCRIPTION FIXED FIELD--GENERAL INFORMATION
fixed length control field 0011403
008 - FIXED-LENGTH DATA ELEMENTS--GENERAL INFORMATION
fixed length control field 160914b 2008 mx||||| |||| 00| 0 spa d
020 ## - INTERNATIONAL STANDARD BOOK NUMBER
International Standard Book Number 9789705802706
040 ## - CATALOGING SOURCE
Original cataloging agency BPMSU
Language of cataloging spa
Transcribing agency BPMSU
100 1# - MAIN ENTRY--PERSONAL NAME
Personal name Rodríguez, Maribel
245 1# - TITLE STATEMENT
Title Vivir diadevis con diabetes /
Statement of responsibility, etc. Maribel rodríguez, Cecilia Tirado ; prólogo Gaby Vargas ; ilustraciones Marilyn Rodríguez.
260 ## - PUBLICATION, DISTRIBUTION, ETC. (IMPRINT)
Place of publication, distribution, etc. México :
Name of publisher, distributor, etc. Santillana Ediciones Generales :
-- Aguilar,
Date of publication, distribution, etc. 2008.
300 ## - PHYSICAL DESCRIPTION
Extent 165 p. :
Other physical details il.,
Dimensions 23 cm.
700 1# - ADDED ENTRY--PERSONAL NAME
Personal name Tirado, Cecilia
700 12 - ADDED ENTRY--PERSONAL NAME
Personal name Vargas, Gaby,
Relator term pról.
700 12 - ADDED ENTRY--PERSONAL NAME
Personal name Rodríguez, Marilyn,
Relator term il.
942 ## - ADDED ENTRY ELEMENTS (KOHA)
Source of classification or shelving scheme Dewey Decimal Classification
Koha item type Libros
945 ## - LOCAL PROCESSING INFORMATION (OCLC)
a Inventariado, 2018 /LP
956 ## - LOCAL ELECTRONIC LOCATION AND ACCESS (OCLC)
Host name BTAVÁREZ
Access number 10
Compression information 20161409
Path 0011403
Existencias
Withdrawn status Lost status Source of classification or shelving scheme Damaged status Not for loan Collection code Home library Current library Date acquired Source of acquisition Total Checkouts Barcode Date last seen Price effective from Koha item type Copy number
    Dewey Decimal Classification     Colección General Biblioteca Pública Metropolitana Salomé Ureña Biblioteca Pública Metropolitana Salomé Ureña 09/14/2016 Santillana   BPMSU16090292 09/14/2016 09/14/2016 Libros  
    Dewey Decimal Classification     Colección General Biblioteca Pública Metropolitana Salomé Ureña Biblioteca Pública Metropolitana Salomé Ureña 09/14/2016 Santillana   BPMSU16090293 09/14/2016 09/14/2016 Libros ej. 2
    Dewey Decimal Classification     Colección General Biblioteca Pública Metropolitana Salomé Ureña Biblioteca Pública Metropolitana Salomé Ureña 09/14/2016 Santillana   BPMSU16090294 09/14/2016 09/14/2016 Libros ej. 3